Tourism (Record no. 17896)
[ view plain ]
| 000 -LEADER | |
|---|---|
| fixed length control field | 00431nam a22001457a 4500 |
| 008 - FIXED-LENGTH DATA ELEMENTS--GENERAL INFORMATION | |
| fixed length control field | 190927b xxu||||| |||| 00| 0 eng d |
| 020 ## - INTERNATIONAL STANDARD BOOK NUMBER | |
| International Standard Book Number | 1292172354 |
| 050 ## - LIBRARY OF CONGRESS CALL NUMBER | |
| Classification number | G155 |
| Item number | .T68 2018 c.1 |
| 245 ## - TITLE STATEMENT | |
| Title | Tourism |
| Remainder of title | Principles and Practice |
| Statement of responsibility, etc. | Edited by John Fletcher, Alan Fyall, David Gilbert, Stephen Wanhill |
| 250 ## - EDITION STATEMENT | |
| Edition statement | 6th ed. |
| 260 ## - PUBLICATION, DISTRIBUTION, ETC. (IMPRINT) | |
| Place of publication, distribution, etc. | New York |
| Name of publisher, distributor, etc. | Pearson |
| Date of publication, distribution, etc. | 2018 |
| 300 ## - PHYSICAL DESCRIPTION | |
| Extent | xxii, 636p. |
| 650 ## - SUBJECT ADDED ENTRY--TOPICAL TERM | |
| Topical term or geographic name as entry element | Tourism |
| 942 ## - ADDED ENTRY ELEMENTS (KOHA) | |
| Source of classification or shelving scheme | Library of Congress Classification |
| Koha item type | General Collection |
| Withdrawn status | Lost status | Source of classification or shelving scheme | Not for loan | Home library | Current library | Date acquired | Cost, normal purchase price | Total Checkouts | Full call number | Barcode | Date last seen | Date last checked out | Price effective from | Koha item type | Total Renewals |
|---|---|---|---|---|---|---|---|---|---|---|---|---|---|---|---|
| Library of Congress Classification | Kabarak, Main Campus | Kabarak, Main Campus | 27/09/2019 | 4130.00 | 1 | G155 .T68 2018 c.1 | 023677 | 25/02/2022 | 11/02/2022 | 27/09/2019 | General Collection | ||||
| Library of Congress Classification | Kabarak, Main Campus | Kabarak, Main Campus | 27/09/2019 | 4130.00 | G155 .T68 2018 c.2 | 023678 | 27/09/2019 | 27/09/2019 | General Collection | ||||||
| Library of Congress Classification | Kabarak, Main Campus | Kabarak, Main Campus | 27/09/2019 | 4130.00 | 2 | G155 .T68 2018 c.3 | 023679 | 17/02/2022 | 10/02/2022 | 27/09/2019 | General Collection | 1 |